000 00612nam a2200217 a 4500
999 _c7522
_d7522
001 7522
003 BD-JhCC
005 20180211113047.0
008 171101s1976 bg |||| ||a| 000 0 ben d
035 _a(BD-JhCC) 7522
040 _aBD-JhCC
_dBD-JhCC
041 _aben
082 _a954.92
_bSEN 1976
100 _aসেন, সরলানন্দ
245 _aঢাকার চিঠি /
_cসরলানন্দ সেন
260 _aঢাকা :
_bমুক্তধারা,
_c1976.
300 _a276 p .:
_c22 cm.
650 _aBangladesh
942 _2ddc
_cBK